000 00621nam a2200217 a 4500
005 20240803063821.0
008 991125s1977 mx 000 0 spa u
020 _a9686620478
035 _aUPN01000122545
049 _aCG
050 4 _aPT2621 A2
_bC3.68a
100 1 _aKafka, Franz,
_d1883-1924
_928567
245 1 0 _aCarta al padre /
_cFranz Kafka.
260 _aMéxico :
_bQuinto Sol,
_c[199-]
300 _a72 p.
650 4 _aNovela alemana
_911856
650 4 _aRELACION PADRE-HIJO
_926864
600 1 4 _aKAFKA, FRANZ,
_d1883-1924 -
_vCORRESPONDENCIA, MEMORIAS, ETC.
_96979
902 _aCAA/pgv
905 _aLibro
999 _c94732
_d94732